| 000 | 00492nam a2200169 i 4500 | ||
|---|---|---|---|
| 001 | 37829 | ||
| 003 | ES-MaACL | ||
| 007 | t| | ||
| 008 | 030221s1975 sp ||||1| spa d | ||
| 100 | 1 |
_aCaetano, Marcello. _933407 |
|
| 245 | 1 | 0 |
_aTestimonio / _cMarcello Caetano ; [traducido por Daniel Santano y León]. |
| 260 |
_aMadrid : _bParaninfo, _c1975. |
||
| 300 |
_a226 p. ; _c22 cm. |
||
| 700 | 1 |
_aSantano y León, Daniel. _9181683 |
|
| 852 |
_aES-MaACL _jE-9401 _bR.93911 |
||
| 999 |
_c37829 _d37829 |
||